Đàm thoại tiếng Nhật cấp tôc

Guardado en:
Detalles Bibliográficos
Formato: Libro
Publicado: 2004
Etiquetas: Agregar Etiqueta
Sin Etiquetas, Sea el primero en etiquetar este registro!
Thư viện lưu trữ: Mạng thư viện Đại học Đà Nẵng
LEADER 00460nam a22001811a 4500
001 000038654
003 14949
005 20160412021431.0
008 160412s2004 000
082 |a 4N(07)192-96 
245 |a Đàm thoại tiếng Nhật cấp tôc  |c Nguyễn Thị Liên.Bs 
260 |c 2004 
OWN |a LNN 
999 |a From the UDN01 
TYP |a Monograph 
980 |a Mạng thư viện Đại học Đà Nẵng